| 000 | 00517nam a2200193Ia 4500 | ||
|---|---|---|---|
| 003 | GCL | ||
| 005 | 20240530095840.0 | ||
| 008 | 140319s9999 xx 000 0 eng d | ||
| 040 |
_aGCL / _cGCL |
||
| 082 | 0 | 4 |
_a720.952 _bT J |
| 100 | 1 | _aPAPADAKIS, ANDREAS | |
| 245 | 1 | 0 |
_aJAPANESE ARCHITECTURE III / _cPAPADAKIS, ANDREAS |
| 260 |
_a[S.N] : _bACADEMY EDITIONS ، _c1992 |
||
| 650 | 0 | 4 | _aARCHITECTURE |
| 650 | 0 | 4 | _aMODERN ARCHITECTURE |
| 650 | 0 | 4 | _aJAPAN - ARCHITECTURE |
| 700 | 1 | _aTOY, MAGGIE | |
| 942 |
_2ddc _cBK |
||
| 999 |
_c11336 _d11336 |
||